000 00770nas a2200253 4500
001 BR8602603
003 BR-BrBNA
005 20231205090504.0
007 ta
008 230509b bl.|||p| |||| 00| 00por d
040 _aBR-BrBNA
_bpor
_cBiblioteca Nacional de Agricultura
041 _a(Pt)
072 _aH60; F62
100 1 _aCoelho, R.W.
245 1 _aSubstancias fitotoxicas presentes no capim-annoni-2
246 1 _aPhytotoxic substances present in annoni-2 grass
650 _aCAPIM ANNONI
650 _aGERMINACAO
650 _aSEMENTE
650 _aERVA DANINHA
773 0 _tPesquisa Agropecuaria Brasileira (Brazil)
_xISSN 0100-204X
_g(Mar 1986), v. 21(3) p. 255-263
_wBR8602603
909 _a202311
_bLúcia
_c55
_dLúcia Elande
942 _2AGRIS
_n0
_cANA
999 _c118791
_d118791